Využitie počítačovej tomografie v priemysle

Využitie počítačovej tomografie v priemysle poskytuje široké spektrum možností a výsledkov. Hlavné oblasti využitia priemyselnej počítačovej tomografie.

Saved in:
Bibliographic Details
Main Author: Tóth, Teodor
Other Authors: Hudák, Radovan
Format: Book Chapter
Language:Slovak
Subjects:
Tags: Add Tag
No Tags, Be the first to tag this record!

MARC

LEADER 00000naa a2200000 4500
001 0177921
005 20231208113653.9
041 0 |a slo 
044 |a SK 
245 1 0 |a Využitie počítačovej tomografie v priemysle  |c Teodor Tóth, Radovan Hudák 
520 |a Využitie počítačovej tomografie v priemysle poskytuje široké spektrum možností a výsledkov. Hlavné oblasti využitia priemyselnej počítačovej tomografie. 
610 2 0 |a počítače 
610 2 0 |a biometrika 
610 2 0 |a priemysel 
610 2 0 |a moduly 
610 2 0 |a využitie počítačov 
100 1 |a Tóth, Teodor 
700 1 |a Hudák, Radovan